| 000 | 00735nam a22002057a 4500 | ||
|---|---|---|---|
| 999 |
_c15882 _d15882 |
||
| 003 | MIRAKIL | ||
| 005 | 20240404104343.0 | ||
| 008 | 240404b tu ||||| |||| 00| 0 tur d | ||
| 020 | _a9789751748973 | ||
| 040 |
_aTR-AnCHP _cTR-AnCHP |
||
| 041 | _atur | ||
| 082 |
_a419.99 _bA61ç 2021 |
||
| 100 | _aArçın, Salih Mehmet | ||
| 245 | 1 | 0 |
_aÇağdaş Sibirya Türk lehçelerinde zamirler / _cSalih Mehmet Arçın. |
| 260 |
_aAnkara : _bTürk Dil Kurumu Yayınları, _c2021 |
||
| 300 |
_a428 sayfa : _btablo ; _c24 cm. |
||
| 490 | 0 |
_aAtatürk Kültür, Dil ve Tarih Yüksek Kurumu Türk Dil Kurumu Yayınları ; _v1415. |
|
| 856 | _zDijital Nüshası için Partimizin Kütüphane Sorumlusu ile iletişime geçiniz. | ||
| 942 |
_2ddc _cBKS |
||